Consecuencias de una guerra con armas atómicas
Furkejuvvon:
| Váldodahkki: | |
|---|---|
| Materiálatiipa: | Girji |
| Giella: | espánnjágiella |
| Almmustuhtton: |
Valparaíso
Universidad Católica de Valparaíso
1961
|
| Fáttát: | |
| Fáddágilkorat: |
Lasit fáddágilkoriid
Eai fáddágilkorat, Lasit vuosttaš fáddágilkora!
|
MARC
| LEADER | 00000nam a2200000 a 4500 | ||
|---|---|---|---|
| 001 | UCU2171 | ||
| 003 | CL-VaPUC | ||
| 008 | 960419e19610000CL |||||||||||||||||spa|d | ||
| 082 | 0 | 4 | |a 355.825 |b OSS |2 21 |
| 100 | |a Ossa S. M., Gastón |e autor |9 358153 | ||
| 245 | 1 | 0 | |a Consecuencias de una guerra con armas atómicas |
| 300 | |a 78 p | ||
| 942 | |c BK | ||
| 945 | |d 19960419 00:00:00 |a rleighto | ||
| 260 | |a Valparaíso |b Universidad Católica de Valparaíso |c 1961 | ||
| 650 | 0 | |a Guerra nuclear |9 318894 | |
| 650 | 0 | |a Armas nucleares |9 334563 | |
| 650 | 7 | |a RIESGO DE RADIACIONES |2 CL-VaPUC |9 358154 | |
| 650 | 7 | |a FISICA NUCLEAR |2 CL-VaPUC |9 270366 | |
| 650 | 0 | |a Radiación |9 259874 | |
| 650 | 0 | |a Vida |9 266033 | |
| 583 | |a last modification |c 19960419 00:00:00 |k Rodrigo Vera | ||
| 999 | |c 246545 |d 246543 | ||
| 952 | |0 0 |1 0 |2 ddc |4 0 |6 355_825000000000000_OSS_1961 |7 0 |8 A |9 261614 |a BIBDER |b BIBDER |d 2019-11-19 |i 1864645 |o 355.825 OSS 1961 |p 1864645 |r 2023-01-25 |w 2019-11-19 |y MX |k DER | ||